Работа трения в процессе резания металлов; Известия Томского политехнического института [Известия ТПИ]; Т. 241 : Механика и машиностроение

Chi tiết về thư mục
Parent link:Известия Томского политехнического института [Известия ТПИ]/ Томский политехнический институт (ТПИ).— , 1944-1976
Т. 241 : Механика и машиностроение.— 1975.— [С. 46-49]
Tác giả chính: Седоков Л. М. Лев Михайлович
Tóm tắt:Заглавие с титульного листа
Электронная версия печатной публикации
Ngôn ngữ:Tiếng Nga
Được phát hành: 1975
Những chủ đề:
Truy cập trực tuyến:Черно-белая версия для предварительного просмотра
Цветная версия без потери качества
Định dạng: Điện tử Chương của sách
KOHA link:https://koha.lib.tpu.ru/cgi-bin/koha/opac-detail.pl?biblionumber=228428

MARC

LEADER 00000nla2a2200000 4500
001 228428
005 20231101230857.0
035 |a (RuTPU)RU\TPU\book\248899 
035 |a RU\TPU\book\248897 
090 |a 228428 
100 |a 20121219d1975 k y0rusy50 ca 
101 0 |a rus 
102 |a RU 
135 |a drnn ---uucaa 
181 0 |a i  
182 0 |a b 
200 1 |a Работа трения в процессе резания металлов  |b Электронный ресурс  |f Л. М. Седоков 
203 |a Текст  |c электронный 
215 |a 2 файла (190 Кб, 5.1 Мб) 
230 |a Электронные текстовые данные (2 файла : 190 Кб, 5.1 Мб) 
300 |a Заглавие с титульного листа 
300 |a Электронная версия печатной публикации 
320 |a [Библиогр.: с. 49 (2 назв.)] 
337 |a Adobe Reader 
461 1 |0 (RuTPU)RU\TPU\book\200995  |t Известия Томского политехнического института [Известия ТПИ]  |f Томский политехнический институт (ТПИ)  |d 1944-1976 
463 1 |0 (RuTPU)RU\TPU\book\248870  |t Т. 241 : Механика и машиностроение  |v [С. 46-49]  |d 1975  |p 94 с. 
610 1 |a электронный ресурс 
610 1 |a труды учёных ТПУ 
700 1 |a Седоков  |b Л. М.  |c доктор технических наук  |c ведущий учёный в области резания металлов  |f 1918-1998  |g Лев Михайлович  |2 stltpush  |3 (RuTPU)RU\TPU\pers\25100  |9 11205 
801 1 |a RU  |b 63413507  |c 20090320  |g PSBO 
801 2 |a RU  |b 63413507  |c 20130328  |g PSBO 
856 4 |u http://www.lib.tpu.ru/fulltext/v/Bulletin_TPU/1975/v241/13_bw.pdf  |z Черно-белая версия для предварительного просмотра 
856 4 |u http://www.lib.tpu.ru/fulltext/v/Bulletin_TPU/1975/v241/13_full.pdf  |z Цветная версия без потери качества 
942 |c CF